| 000 | 00682nam a22002055i 4500 | ||
|---|---|---|---|
| 001 | 172073 | ||
| 003 | ES-MaACL | ||
| 005 | 20250828004913.0 | ||
| 008 | 090612s1972 sp |||| | spa d | ||
| 100 | 1 |
_aSnyders, Georges. _9140660 |
|
| 245 | 1 | 0 |
_aPedagogía progresista _b: educación tradicional y educación nueva / _cGeorges Snyders ; [traducción Elena Rodríguez]. |
| 260 |
_aMadrid : _bMarova, _c[1972] |
||
| 300 |
_a212 p. ; _c18 cm. |
||
| 490 | 1 | _aBiblioteca del educador | |
| 650 | 1 | 7 |
_aPedagogía _2embne _915904 |
| 700 | 1 |
_aRodríguez, Elena. _998229 |
|
| 830 | 0 |
_aBiblioteca del educador _9181635 |
|
| 852 |
_aES-MaACL _jA-8974 _9R.98334 |
||
| 999 |
_c172073 _d172073 |
||